00318nam a22001337a 450000500170000000800410001704100080005808200100006610000300007624500300010626000250013630000080016165000150016920160628154934.0160628b xxu||||| |||| 00| 0 eng d aeng b10948 aAhuja, B.N. and Chhabra,  aDevelopment Communication bsurjeet Publications a261 aManagement